LEADER 00711nam2 2200253 450 001 000034690 005 20220714131525.0 100 $a20220714d1981----km-y0itay50------ba 101 0 $aita 102 $aIT 105 $ay-------001yy 200 1 $a1861-1870 210 $aMilano$cIPSOA$d1981 215 $aVol.1: 382 p.$d24 cm 410 0$12001 461 1$1001000003033$12001$aAnnali dell'economia italiana$vvolume 1 610 1 $aItalia$aEconomia$a1861-1880 676 $a330.945084$v20 700 1$aCorbino,$bEpicarmo$068068 801 0$aIT$bUNIPARTHENOPE$c20220714$gREICAT$2UNIMARC 912 $a000034690 951 $a330/103 [I]$bs.i.$cNAVA4$d2022 996 $a1861-1870$92896819 997 $aUNIPARTHENOPE LEADER 00990nam a22002531i 4500 001 991003730359707536 005 20040607092024.0 008 040802s1954 it |||||||||||||||||ita 035 $ab1311878x-39ule_inst 035 $aARCHE-107139$9ExL 040 $aBiblioteca Interfacoltà$bita$cA.t.i. Arché s.c.r.l. Pandora Sicilia s.r.l. 082 04$a851.09 100 1 $aFusco, Enrico Maria$0155379 245 10$aAntologia della lirica contemporanea dal Carducci al 1950 /$cEnrico M. Fusco 260 $aTorino :$bSei,$cstampa 1954 300 $a1 v. ;$c20 cm 440 2$aI classici della scuola 650 4$aPoesia italiana$ySec. 20.$xAntologie 907 $a.b1311878x$b02-04-14$c05-08-04 912 $a991003730359707536 945 $aLE002 Fondo Giudici G 182$g1$i2002000228710$lle002$nC. 1$o-$pE0.00$q-$rn$so $t0$u0$v0$w0$x0$y.i13754166$z05-08-04 996 $aAntologia della lirica contemporanea$9944909 997 $aUNISALENTO 998 $ale002$b05-08-04$cm$da $e-$fita$git $h0$i1